|
|
|
|
| LEADER |
01379nam a2200385 a 4500 |
| 001 |
000666470 |
| 003 |
CZ BrMZK |
| 005 |
20100507131930.0 |
| 007 |
ta |
| 008 |
030415s2003 xo e f 000 0 slo d |
| 020 |
|
|
|a 80-8070-035-4
|q (brož.)
|
| 040 |
|
|
|a BOA001
|b cze
|
| 072 |
|
7 |
|a 51
|x Matematika
|2 Konspekt
|9 13
|
| 080 |
|
|
|a 51
|2 MRF
|
| 080 |
|
|
|a 373.5.016
|2 MRF
|
| 080 |
|
|
|a 371.279.5/.6
|2 MRF
|
| 080 |
|
|
|a 378
|2 MRF
|
| 080 |
|
|
|a (035)
|2 MRF
|
| 245 |
0 |
0 |
|a Zbierka úloh z matematiky na prijímacie skúšky /
|c kolektív pracovníkov
|
| 250 |
|
|
|a 3. vyd.
|
| 260 |
|
|
|a Žilina :
|b EDIS,
|c 2003
|
| 300 |
|
|
|a 145 s. ;
|c 29 cm
|
| 500 |
|
|
|a Nad názvem: Žilinská univerzita, Fakulta prevádzky a ekonomiky dopravy a spojov
|
| 500 |
|
|
|a 1200 výt.
|
| 504 |
|
|
|a Obsahuje bibliografii
|
| 541 |
|
|
|a Bratislava, Centrum vedecko-technických informácií SR
|
| 650 |
0 |
7 |
|a matematika
|7 ph117231
|x úlohy
|2 czenas
|
| 650 |
0 |
7 |
|a učivo středních škol
|7 ph136702
|2 czenas
|
| 650 |
0 |
7 |
|a přijímací zkoušky
|7 ph124916
|2 czenas
|
| 650 |
0 |
7 |
|a vysoké školy
|7 ph116649
|2 czenas
|
| 655 |
|
7 |
|a příručky
|7 fd133209
|2 czenas
|
| 710 |
2 |
|
|a Žilinská univerzita.
|b Fakulta prevádzky a ekonomiky dopravy a spojov
|7 ko2002102413
|
| 910 |
|
|
|a BOA001
|b 3-1116.749
|
| 990 |
|
|
|a BK
|
| 996 |
7 |
|
|b 2610186403
|c 3-1116.749
|l MZK
|r Sklad / do 1 hodiny
|n 0
|p vým
|w 000666470
|u 000010
|a 1
|e BOA001
|j MZK50
|s A
|